Man's new shapes : French avant-garde drama's metamorphoses /

Bibliographic Details
Main Author: White, Kenneth Steele
Format: Book
Language:English
Published: Washington, D.C. : University Press of America, [1979]
Subjects:

MARC

Tag First Indicator Second Indicator Subfields
LEADER 00000cam a2200000 a 4500
001 in00000070964
005 20151008062004.0
008 791106s1979 dcu b 00010 eng d
010 |a  79062911  
020 |a 0819107174 
035 |a (OCoLC)05658804 
035 |9 AAJ9283AM 
040 |a WAU  |c WAU  |d TXA  |d UtOrBLW 
043 |a e-fr--- 
049 |a TXAM  |c [387232] 
090 |a PQ558  |b .W49 
100 1 |a White, Kenneth Steele. 
245 1 0 |a Man's new shapes :  |b French avant-garde drama's metamorphoses /  |c Kenneth Steele White. 
264 1 |a Washington, D.C. :  |b University Press of America,  |c [1979] 
264 4 |c ©1979 
300 |a 66 pages ;  |c 26 cm. 
336 |a text  |b txt  |2 rdacontent 
337 |a unmediated  |b n  |2 rdamedia 
338 |a volume  |b nc  |2 rdacarrier 
504 |a Bibliography: pages 65-66. 
650 0 |a French drama  |y 20th century  |x History and criticism. 
650 0 |a Metamorphosis in literature. 
999 |a MARS 
999 f f |s 405afaf3-0fa8-30dc-9487-215009d03c49  |i 5dbe1503-e511-36c3-a238-66b9e452db23  |t 0 
952 f f |p normal  |a Texas A&M University  |b College Station  |c Sterling C. Evans Library  |d Evans: Library Stacks  |t 0  |e PQ558 .W49  |h Library of Congress classification  |i unmediated -- volume  |m A14829945583 
998 f f |a PQ558 .W49  |t 0  |l Evans: Library Stacks